Word Ladder: It May Drive You Insane Quiz Stats

 Plays Quiz Updated May 9, 2018

Challenge
Share
Tweet
Embed
Score 0/10 Timer 01:30
2 Plays Today
Clue 5-Letter Word % Correct
Partner of soonerLATER
93%
What the Romans spokeLATIN
89.1%
🌑 Restlessness from being in a confined area for an extended period: [first+last rung] 🌑
🌑 High body temperature 🌑
🌑 FEVER 🌑
86.1%
🌑 Small room on a ship 🌑
🌑 Restlessness from being in a confined area for an extended period: [first+last rung] 🌑
🌑 CABIN 🌑
85.1%
Fancy, smooth sheet materialSATIN
80.7%
Get on toward the eveningLATEN
79.8%
The organ being collected by Cleese and Chapman in 'Monty Python's The Meaning of Life'LIVER
78.8%
Slang for a certain dollar billFIVER
76.5%
Engine displacement unitLITER
73.4%
Developer of the oral polio vaccine, Albert _____SABIN
69.9%

Today's Daily Dose

You're not logged in!

Compare scores with friends on all Sporcle quizzes.
Join for Free
OR
Log In

You Might Also Like...

Show Comments

Extras

Top Quizzes Today


Score Distribution

Your Account Isn't Verified!

In order to create a playlist on Sporcle, you need to verify the email address you used during registration. Go to your Sporcle Settings to finish the process.

Report this User

Report this user for behavior that violates our Community Guidelines.

Details: